La aventura de sir karel de Nortumbria / (Registro nro. 8714)

Detalles MARC
000 -LIDER
fixed length control field 00838nam a22002657a 4500
001 - NÚMERO DE CONTROL
Identificador de número de control 0074
003 - IDENTIFICACDOR DE NÚMERO DE CONTROL
control field DO-SdBPM
005 - DATE AND TIME OF LATEST TRANSACTION
control field 20250529131619.0
007 - CAMPOS FIJOS DE DESCRIPCIÓN FÍSICA
fixed length control field 0074
008 - ELEMENTOS DE LONGITUD FIJA
fixed length control field 151113b2002 sp |||| 00| 0 spa d
020 ## - ISBN
International Standard Book Number 9788466716444
040 ## - FUENTE DE CATALOGACIÓN
Agencia que crea de manera original el registro DO-SdBPM
Idioma de catalogación spa
Agencia que realiza la transcripción BPMSU
082 #4 - NÚMERO DE CLASIFICACIÓN DECIMAL DE DEWEY
Classification number 863.6
Item number A388a 2002
Edition number 22
100 10 - ASIENTO PRINCIPAL -- NOMBRE PERSONAL
Nombre personal Alfonseca, Manuel
Fechas asociadas con el nombre 1946-
245 13 - MENCIÓN DE TITULO
Título La aventura de sir karel de Nortumbria /
Mención de responsabilidad Manuel Alfonseca ; ilustración Francisco Solé
260 ## - PUBLICACIÓN, DISTRIBUCIÓN, ETC. (PIE DE IMPRENTA)
Lugar de publicación, distribución, etc España :
Nombre del editor, distribuidor, etc. Anaya,
Fecha de publicación, distribución, etc 2002.
300 ## - DESCRIPCIÓN FÍSICA
Extensión 150 p. :
Otros detalles físicos il., ;
Materiales especificados 19 cm.
490 0# - MENCIÓN DE SERIES
Mención de serie El duende verde,
Volume/sequential designation 129
590 ## - NOTA LOCAL
Texto de la nota local Inventariado, 2025/VM
650 #4 - ENCABEZAMIENTO DE MATERIA--TEMÁTICO
Término temático o nombre geográfico como elemento de entrada Cuentos juveniles españoles
650 #4 - ENCABEZAMIENTO DE MATERIA--TEMÁTICO
Término temático o nombre geográfico como elemento de entrada Las aventuras de Sir Karel
Subdivisión temática general Adaptaciones juveniles
700 10 - ASIENTO SECUNDARIO -- NOMBRE PERSONAL
Nombre personal Solé, Francisco,
Mención de responsabilidad ilustraciones
910 ## - VALIDACIÓN
Validación VMateo V. Control de calidad. BPMSU
942 ## - ADDED ENTRY ELEMENTS (KOHA)
Source of classification or shelving scheme Dewey Decimal Classification
Koha item type Libros
Existencias
Withdrawn status Lost status Source of classification or shelving scheme Damaged status Not for loan Collection code Home library Current library Date acquired Source of acquisition Total Checkouts Full call number Barcode Date last seen Price effective from Koha item type
    Dewey Decimal Classification     Colección Juvenil General Biblioteca Pública Metropolitana Salomé Ureña Biblioteca Pública Metropolitana Salomé Ureña 11/13/2015 Donación   BPMSU CJG 863.6 A388a 2002 BPMSU15110270 11/13/2015 11/13/2015 Libros